000 00560nam a2200169Ia 4500
008 090711s9999 xx 000 0 und d
082 _b71989
100 _aअदवंत म. ना.
245 _aमराठी लघुकथेSाा इतिहास
260 _c1993
300 _a172
600 _aअदवंत म. ना.
630 _aमराठी लघुकथेSाा इतिहास
700 _aअदवंत म. ना.
730 _aमराठी लघुकथेSाा इतिहास
942 _cBOOK
999 _c311534
_d311534